A study of the relationship between the vocational home economics teacher training curricula of a group of women's colleges and the expected responsibilities of beginning teachers /

Bibliographic Details
Main Author: Clark, Laura V. (Laura Veach), 1886-
Format: Book
Language:English
Published: [New York] : [AMS Press], [1972]
Series:Contributions to education ; no. 586.
Subjects:

MARC

Tag First Indicator Second Indicator Subfields
LEADER 00000pam a2200000 4500
001 in00000094526
005 20150927110459.0
008 720719r19721933nyua b 00000 eng
010 |a  72176649  
020 |a 0404555861 
035 |a (OCoLC)00379598 
035 |9 AAL6391AM 
040 |a DLC  |c DLC  |d TXA  |d UtOrBLW 
043 |a n-us--- 
049 |a TXAM  |c [714770] 
050 0 0 |a TX173  |b .C55 1972 
082 0 |a 640/.7 
100 1 |a Clark, Laura V.  |q (Laura Veach),  |d 1886- 
245 1 2 |a A study of the relationship between the vocational home economics teacher training curricula of a group of women's colleges and the expected responsibilities of beginning teachers /  |c New York, Bureau of Publications, Teachers College, Columbia University, 1933. 
264 1 |a [New York] :  |b [AMS Press],  |c [1972] 
300 |a ix, 82 pages :  |b illustrations ;  |c 22 cm. 
336 |a text  |b txt  |2 rdacontent 
337 |a unmediated  |b n  |2 rdamedia 
338 |a volume  |b nc  |2 rdacarrier 
500 |a Reprint of the 1933 edition, issued in series: Teachers College, Columbia University. Contributions to education, number 586. 
500 |a Originally presented as the author's thesis, Columbia. 
504 |a Bibliography: pages 78-80. 
650 0 |a Home economics  |x Teacher training  |z United States. 
650 0 |a Women's colleges  |z United States  |x Curricula. 
830 0 |a Contributions to education ;  |v no. 586. 
999 |a MARS 
999 f f |s f7b4dc6d-283a-3ee9-aa33-bd751da186d5  |i 652f9c59-6601-3b3d-ad6c-495642fff397  |t 0 
952 f f |p ric  |a Texas A&M University  |b Rellis Campus  |c Joint Library Facility  |d Remote Storage  |t 0  |e TX173 .C55 1972  |h Library of Congress classification  |i unmediated -- volume  |m A14805668834 
998 f f |a TX173 .C55 1972  |t 0  |l Remote Storage